Normal view MARC view

Entry Topical Term

Number of records used in: 1

001 - CONTROL NUMBER

  • control field: 55937

003 - CONTROL NUMBER IDENTIFIER

  • control field: OSt

005 - DATE AND TIME OF LATEST TRANSACTION

  • control field: 20250801145836.0

008 - FIXED-LENGTH DATA ELEMENTS

  • fixed length control field: 250801|| aca||aabn | a|a d

040 ## - CATALOGING SOURCE

  • Original cataloging agency: OSt
  • Transcribing agency: OSt

150 ## - HEADING--TOPICAL TERM

  • Topical term or geographic name entry element: Tribune Trust, Himachal Pradesh, Solan Conclave, Himachal Day, Suket Satyagraha, Himalayan Prant, Western Himalayan Princely States, State Formation, Chandigarh Archives, Indian Republic, News Documentation

670 ## - SOURCE DATA FOUND

  • Source citation: Work cat.: (OSt)527028: Thakur, Laxman S. 55936, The genesis of Suket Satyagraha and the birth of Himanchal Pradesh

Powered by Koha